| 000 | 00612nam a2200181 i 4500 | ||
|---|---|---|---|
| 001 | 37065 | ||
| 003 | ES-MaACL | ||
| 005 | 20230906155509.0 | ||
| 007 | t| | ||
| 008 | 030220s1972 sp ||||1| eng d | ||
| 100 | 1 |
_aBruhn, Ada. _932112 |
|
| 245 | 1 | 0 |
_aArms and armour in Spain / _cAda Bruhn de Hoffmeyer. |
| 260 |
_aMadrid : _bInstituto de Estudios sobre Armas Antiguas, _c1972. |
||
| 300 |
_a199 p. : _bil. ; _c25 cn. |
||
| 505 | 8 | _aContiene: V. I: The bronce age to the end of high middle ages | |
| 710 | 2 |
_aInstituto de Estudios sobre Armas Antiguas (Madrid) _94930 |
|
| 852 |
_aES-MaACL _jC-54705 _bR.87362 |
||
| 999 |
_c37065 _d37065 |
||